Southville International School and Colleges
Your cart is empty.
  • Cart
  • Lists
    Public lists Eva Luna New books Lux_list list_1
    Your lists Log in to create your own lists
  • Log in to your account
  • Your cookies
  • Search history
Southville International School and Colleges
  • Advanced search
  • Recent comments
  • Most popular
  • Libraries

Log in to your account

Log in with GOOGLE


If you do not have an external account, but do have a local account, you can still log in:

  1. Home
  2. MARC view: Borrowing money /
Normal view MARC view ISBD view

Borrowing money / (Record no. 10354)

[ view plain ]
MARC details
000 -LEADER
fixed length control field 00616nam a22001937a 4500
003 - CONTROL NUMBER IDENTIFIER
control field SISC
005 - DATE AND TIME OF LATEST TRANSACTION
control field 20160404142051.0
008 - FIXED-LENGTH DATA ELEMENTS--GENERAL INFORMATION
fixed length control field 130904t xxu||||| |||| 00| 0 eng d
020 ## - INTERNATIONAL STANDARD BOOK NUMBER
International Standard Book Number 9711350777
050 ## - LIBRARY OF CONGRESS CALL NUMBER
Classification number HG 1628
Item number .B737 1984
082 ## - DEWEY DECIMAL CLASSIFICATION NUMBER
Classification number HS 332.7
Item number B64 1984
245 ## - TITLE STATEMENT
Title Borrowing money /
Statement of responsibility, etc Ma. Bella A. Dumas, writer.; prepared by the University of the Philippines Inst. for science and Mathematics Education Development.
260 ## - PUBLICATION, DISTRIBUTION, ETC. (IMPRINT)
Place of publication, distribution, etc Diliman, Q.C :
Name of publisher, distributor, etc The Institute,
Date of publication, distribution, etc c1984.
300 ## - PHYSICAL DESCRIPTION
Extent 14 p. :
Other physical details ill, ;
Dimensions 23 cm.
562 ## - COPY AND VERSION IDENTIFICATION NOTE
Number of copies 1
650 ## - SUBJECT ADDED ENTRY--TOPICAL TERM
Topical term or geographic name as entry element Credit.
9 (RLIN) 16532
942 ## - ADDED ENTRY ELEMENTS (KOHA)
Source of classification or shelving scheme Library of Congress Classification
Koha item type Books
Holdings
Withdrawn status Lost status Source of classification or shelving scheme Damaged status Home library Current library Shelving location Date acquired Total Checkouts Full call number Barcode Date last seen Copy number Price effective from Koha item type
    Library of Congress Classification   Luxembourg Library Luxembourg Library High School Section 09/04/2013   HG 1628 .B737 1984 3058 04/04/2016 1 09/04/2013 Books

Borrowing money /

APA

(1984). Borrowing money. Diliman, Q.C: The Institute.

Chicago

1984. Borrowing money. Diliman, Q.C: The Institute.

Harvard

(1984). Borrowing money. Diliman, Q.C: The Institute.

MLA

Borrowing money. Diliman, Q.C: The Institute. 1984.

  • Place hold
  • Print
  • Cite
  • Add to your cart (remove)
  • Save record
    BIBTEX Dublin Core MARCXML MARC (non-Unicode/MARC-8) MARC (Unicode/UTF-8) MARC (Unicode/UTF-8, Standard) MODS (XML) RIS
  • More searches
    Search for this title in:
    Other Libraries (WorldCat) Other Databases (Google Scholar) Online Stores (Bookfinder.com) Open Library (openlibrary.org)

Exporting to Dublin Core...

SOUTHVILLE LIBRARY

Southville International School and Colleges Library

1281 Tropical Ave. Cor. Luxembourg St., BF Homes International, Las Pinas City

Tel. No. 8256374 / 252358 Loc. 117/146

Powered by Koha